Eucaristía: presencia del Señor
Saved in:
| Hovedforfatter: | |
|---|---|
| Format: | Bog |
| Sprog: | spansk |
| Udgivet: |
Bogotá
Consejo Episcopal Latinoamericano
1997
|
| Udgivelse: | 1a. ed |
| Serier: | Teología para la Evangelización Liberadora en América latina, 9 2-2
|
| Fag: | |
| Tags: |
Tilføj Tag
Ingen Tags, Vær først til at tagge denne postø!
|
MARC
| LEADER | 00000cam a2200000 a 4500 | ||
|---|---|---|---|
| 001 | UCM1785 | ||
| 003 | CL-VaPUC | ||
| 008 | 020412e19970000CK |||||||||||||||||spa|d | ||
| 020 | |a 9586250792 | ||
| 082 | 0 | 4 | |a 234.163 |b ARI |2 21 |
| 100 | |a Arias Reyero, Maximino |e author |9 478562 | ||
| 245 | 1 | 0 | |a Eucaristía: presencia del Señor |
| 250 | |a 1a. ed | ||
| 300 | |a 381 p | ||
| 942 | |c BK | ||
| 945 | |d 20020412 00:00:00 |a cmena | ||
| 260 | |a Bogotá |b Consejo Episcopal Latinoamericano |c 1997 | ||
| 650 | 7 | |a TEOLOGIA - EUCARISTIA |2 CL-VaPUC |9 468653 | |
| 650 | 7 | |a EUCARISTIA - HISTORIA |2 CL-VaPUC |9 468654 | |
| 650 | 0 | |a Celebraciones litúrgicas |9 468655 | |
| 583 | |a last modification |c 20190402 12:40:11 |k Rodrigo Vera | ||
| 490 | 0 | |a Teología para la Evangelización Liberadora en América latina, 9 2-2 | |
| 999 | |c 300024 |d 300022 | ||
| 952 | |0 0 |1 0 |3 erb |4 0 |6 234_163000000000000_ARI_1997 |7 0 |8 A |9 357297 |a BIBTEO |b BIBTEO |i 5445647 |o 234.163 ARI 1997 |p 5445647 |r 2025-01-17 |w 2019-11-21 |y BK |z Catalogado en:20180108 |k ICR | ||